|
|
|
|
| LEADER |
00000nta a2200000 i 4500 |
| 001 |
dolg45281 |
| 005 |
20230524093843.0 |
| 008 |
230524suuuu hu om 000 hun d |
| 040 |
|
|
|a BGE Dolgozattár Repozitórium
|b hun
|
| 041 |
|
|
|a hu
|
| 100 |
1 |
|
|a Lancsalics Péter
|
| 245 |
1 |
2 |
|a A vállalatirányítás sikerének mibenléte - megfelelő vállalati struktúra vagy az ember, mint individum egy vállalatban
|c Lancsalics Péter
|h [elektronikus dokumentum]
|
| 695 |
|
|
|a Vezetéselmélet
|
| 695 |
|
|
|a Vállalatirányítás
|
| 700 |
1 |
|
|a Nincs adat Nincs adat
|e ths
|
| 856 |
4 |
0 |
|u http://dolgozattar.uni-bge.hu/45281/1/D_15602_Lancsalics%20P%C3%A9ter.pdf
|z Dokumentum-elérés
|